000 00276nam a2200109Ia 4500
001 1272411
005 20260417151428.0
008 260417s9999 xx 000 0 und d
020 _a9786256309401
245 0 _aKırık Kollar Ahalisi
_cGregory Maguire
260 _bKetebe Genç
999 _c1272411
_d1272411